Libro de buen amor /
Guardado en:
| Autor Principal: | |
|---|---|
| Formato: | Libro |
| Publicado: |
Buenos Aires :
Kapelusz,
1978
|
| Materias: | |
| Etiquetas: |
Agregar Etiqueta
Sin Etiquetas, Sea el primero en etiquetar este registro!
|
| LEADER | 01585nam a22003615a 4500 | ||
|---|---|---|---|
| 001 | CEM.cems005659 | ||
| 005 | 20060221000000.0 | ||
| 008 | 130507s1978##################000#0#####d | ||
| 003 | CEMS | ||
| 082 | 0 | 4 | |a 861.1 |
| 100 | 1 | |a Ruíz, Juan | |
| 245 | 1 | 0 | |a Libro de buen amor / |
| 260 | |a Buenos Aires : |b Kapelusz, |c 1978 | ||
| 300 | |a 266 p. | ||
| 653 | |a Literatura | ||
| 653 | |a Literatura española | ||
| 653 | |a Mester de clerecia | ||
| 653 | |a Poesia epica | ||
| 859 | |a CEMS |b BIB. CEMS - 11 de abril |h 861.1 |i R859-1 |p 7259.80 |t Ej.1 | ||
| 859 | |a CEMS |b BIB. CEMS - 11 de abril |h 861.1 |i R859-1 |p 7260.80 |t Ej.3 | ||
| 859 | |a CEMS |b BIB. CEMS - 11 de abril |h 861.1 |i R859-1 |p 7261.80 |t Ej.4 | ||
| 859 | |a CEMS |b BIB. CEMS - 11 de abril |h 861.1 |i R859-1 |p 7262.80 |t Ej.5 | ||
| 859 | |a CEMS |b BIB. CEMS - 11 de abril |h 861.1 |i R859-1 |p 7367.80 |t Ej.6 | ||
| 859 | |a CEMS |b BIB. CEMS - 11 de abril |h 861.1 |i R859-1 |p 7368.80 |t Ej.7 | ||
| 859 | |a CEMS |b BIB. CEMS - 11 de abril |h 861.1 |i R859-1 |p 7369.80 |t Ej.8 | ||
| 859 | |a CEMS |b BIB. CEMS - 11 de abril |h 861.1 |i R859-1 |p 7370.80 |t Ej.9 | ||
| 859 | |a CEMS |b BIB. CEMS - 11 de abril |h 861.1 |i R859-1 |p 7371.80 |t Ej.10 | ||
| 859 | |a CEMS |b BIB. CEMS - 11 de abril |h 861.1 |i R859-1 |p 7372.80 |t Ej.11 | ||
| 859 | |a CEMS |b BIB. CEMS - 11 de abril |h 861.1 |i R859-1 |p 7373.80 |t Ej.12 | ||
| 859 | |a CEMS |b BIB. CEMS - 11 de abril |h 861.1 |i R859-1 |p 7374.80 |t Ej.13 | ||
| 859 | |a CEMS |b BIB. CEMS - 11 de abril |h 861.1 |i R859-1 |p 7375.80 |t Ej.14 | ||
| 859 | |a CEMS |b BIB. CEMS - 11 de abril |h 861.1 |i R859-1 |p 7376.80 |t Ej.15 | ||
| 859 | |a CEMS |b BIB. CEMS - 11 de abril |h 861.1 |i R859-1 |p 7590.80 |t Ej.16 | ||
